|
|
|
|
| LEADER |
00000nam0a2200000 4500 |
| 001 |
120724 |
| 005 |
20231031125128.0 |
| 035 |
|
|
|a (RuTPU)RU\TPU\book\130727
|
| 090 |
|
|
|a 120724
|
| 100 |
|
|
|a 20070904d1962 k y0rusy50 ca
|
| 101 |
0 |
|
|a rus
|
| 102 |
|
|
|a UA
|
| 105 |
|
|
|a a z 101zy
|
| 200 |
1 |
|
|a Механическая обработка пластмасс
|e тезисы сообщения к Всесоюзной научно-технической конференции по вопросам применения полимерных материалов в машиностроении
|f Л. Т. Цукерман
|
| 210 |
|
|
|a Киев
|c Институт технической информации
|d 1962
|
| 215 |
|
|
|a 12 с.
|c ил.
|
| 320 |
|
|
|a Библиогр.: с. 12.
|
| 610 |
1 |
|
|a механическая обработка
|
| 610 |
1 |
|
|a пластмассы
|
| 610 |
1 |
|
|a конференции
|
| 610 |
1 |
|
|a применение
|
| 610 |
1 |
|
|a полимерные материалы
|
| 675 |
|
|
|a 679.5
|v 3
|
| 700 |
|
1 |
|a Цукерман
|b Л. Т.
|
| 801 |
|
1 |
|a RU
|b 63413507
|c 20070904
|g PSBO
|
| 801 |
|
2 |
|a RU
|b 63413507
|c 20160708
|g PSBO
|
| 942 |
|
|
|c BK
|